MARC

LEADER 00000nam0a2200000 4500
001 40454
005 20231031012755.0
010 |a 5871701043 
035 |a (RuTPU)RU\TPU\book\41509 
090 |a 40454 
100 |a 20020517d2001 m y0rusy50 ca 
101 0 |a rus 
102 |a RU 
105 |a a z 000zy 
200 1 |a Застольная книга холостяка  |f А. М. Спичка 
210 |a СПб.  |c СПС  |d 2001  |c Лениздат 
215 |a 463 с.  |c ил. 
610 1 |a психология 
610 1 |a психология пола 
610 1 |a психология личности 
610 1 |a мужчины 
610 1 |a холостяки 
610 1 |a кулинария 
610 1 |a кулинарные рецепты 
610 1 |a пища 
610 1 |a приготовление 
610 1 |a тосты 
610 1 |a песни 
675 |a 641.8  |v 3 
686 |a Ю937.3  |v LBC/SL-A  |2 rubbk 
700 1 |a Спичка  |b А. М.  |g Аркадий Матвеевич 
801 1 |a RU  |b 63413507  |c 20020517  |g PSBO 
801 2 |a RU  |b 63413507  |c 20020607  |g PSBO 
942 |c BK